Countries Larger than Alaska - Statistics

General Stats
  • This quiz has been taken 1,790 times
    1,444 since last reset
  • The average score is 15 of 16
Answer Stats
mi² Answer % Correct
6,601,665 Russia
100%
3,855,101 Canada
99%
3,747,877 China
99%
3,287,955 Brazil
98%
2,969,906 Australia
96%
3,618,783 United States
96%
1,269,345 India
95%
1,073,518 Argentina
94%
758,449 Mexico
91%
919,595 Algeria
90%
1,052,089 Kazakhstan
90%
905,354 Democratic Republic of the Congo
89%
735,358 Indonesia
84%
830,000 Saudi Arabia
82%
728,215 Sudan
76%
679,362 Libya
74%
No matching quizzes found
Score Distribution
Percent of People with Each Score
Percentile by Number Answered
Your Score History
You have not taken this quiz since the last reset